000 00906nas a2200301 4500
001 BR0402033
003 BR-BrBNA
005 20231205104507.0
007 ta
008 230509b bl.|||p| |||| 00| 00por d
040 _aBR-BrBNA
_bpor
_cBiblioteca Nacional de Agricultura
041 _a(Pt)
072 _aK10; F30
100 1 _aXavier, A.
100 1 _aAndrade, H.B.
100 1 _aOliveira, M.L. de
100 1 _aWendling, I.
245 1 _aDesempenho do enraizamento de microestacas e miniestacas de clones híbridos de Eucalyptus grandis
650 _aEUCALIPTO
650 _aHIBRIDAÇÃO
650 _aCLONE
650 _aPROPAGAÇÃO VEGETATIVA
650 _aENRAIZAMENTO DE ESTACA
650 _aCRESCIMENTO
773 0 _tRevista Árvore (Brazil)
_xISSN 0100-6762
_g(Oct-Dec 2001), v. 25(4) p. 403-411
_wBR0402033
909 _a202311
_bLúcia
_c55
_dLúcia Elande
942 _2AGRIS
_n0
_cANA
999 _c178388
_d178388